00306nam a2200133Ia 4500003000400000005001700004008004100021020001800062040000900080100002700089245003200116260001500148260000900163OSt20231202064147.0170524s9999 xx 000 0 und d a81-87317-56-6 ciimt aChatterjee - Gitanjali 0aHealth Nutrition & Diseases bRajat Pub. c2000